000
00314nam a22001217a 4500
008
230704b xxu||||| |||| 00| 0 eng d
082
_a
341.6
_b
IMLU
110
_b
Independent medico-legal unit
245
_a
under the mask of Democracy
260
_b
Independent medico-legal unit
300
_a
45p
942
_2
ddc
_c
BK
999
_c
3760
_d
3760